书目信息 |
| 题名: |
实时耦联动力试验理论与实践
|
|
| 作者: | 徐艳杰 , 金峰 , 王进廷 著 | |
| 分册: | ||
| 出版信息: | 北京 中国建筑工业出版社 2014.04 |
|
| 页数: | 196页 | |
| 开本: | 26cm | |
| 丛书名: | ||
| 单 册: | ||
| 中图分类: | TV32 | |
| 科图分类: | ||
| 主题词: | 水工结构--shui gong jie gou--结构动力学--结构试验--研究 | |
| 电子资源: | ||
| ISBN: | 978-7-112-16143-0 | |
| 000 | 01162nam0 2200277 450 | |
| 001 | CAL 0120141263284 | |
| 005 | 20191106102926.00 | |
| 010 | @a978-7-112-16143-0@dCNY48.00 | |
| 100 | @a20141022d2014 em y0chiy50 ea | |
| 101 | 0 | @achi |
| 102 | @aCN@b110000 | |
| 105 | @aak a 000yy | |
| 200 | 1 | @a实时耦联动力试验理论与实践@Ashi shi ou lian dong li shi yan li lun yu shi jian@f王进廷, 徐艳杰, 金峰著 |
| 210 | @a北京@c中国建筑工业出版社@d2014.04 | |
| 215 | @a196页@c图@d26cm | |
| 312 | @a英文题名取自封面 | |
| 320 | @a有书目 | |
| 330 | @a本书分八章, 主要内容包括: 概论 ; 实时耦联动力试验相关的基本理论 ; 振动台实时耦联动力试验的系统构建 ; 基于虚拟振动台的实时耦联动力试验系统 ; 一种新型的双显式积分系列算法 ; 实时耦联动力试验的时滞稳定性 ; 结构-地基动力相互作用的实时耦联动力试验 ; 振动台-有限元实时耦联动力试验。 | |
| 510 | 1 | @aReal-time dynamic hybrid testing theory and practice@zeng |
| 606 | 0 | @a水工结构@Ashui gong jie gou@x结构动力学@x结构试验@x研究 |
| 690 | @aTV32@v5 | |
| 701 | 0 | @a徐艳杰@Axu yan jie@4著 |
| 701 | 0 | @a金峰@Ajin feng@4著 |
| 701 | 0 | @a王进廷@Awang jin ting@4著 |
| 801 | 0 | @aCN@c20141022 |
| 905 | @a241430@dTV32@eW236@f3 | |
| 实时耦联动力试验理论与实践/王进廷, 徐艳杰, 金峰著.-北京:中国建筑工业出版社,2014.04 |
| 196页:图;26cm |
| ISBN 978-7-112-16143-0:CNY48.00 |
| 本书分八章, 主要内容包括: 概论 ; 实时耦联动力试验相关的基本理论 ; 振动台实时耦联动力试验的系统构建 ; 基于虚拟振动台的实时耦联动力试验系统 ; 一种新型的双显式积分系列算法 ; 实时耦联动力试验的时滞稳定性 ; 结构-地基动力相互作用的实时耦联动力试验 ; 振动台-有限元实时耦联动力试验。 |
| ● |
| 相关链接 |
|
|
|
正题名:实时耦联动力试验理论与实践
索取号:TV32/W236
 
预约/预借
| 序号 | 登录号 | 条形码 | 馆藏地/架位号 | 状态 | 备注 |
| 1 | 1126094 | 211260945 | 期刊室512/501自科库 77排1列5层/ [索取号:TV32/W236] | 在馆 | |
| 2 | 1126095 | 211260954 | 自科二线504/501自科库 77排1列5层/ [索取号:TV32/W236] | 在馆 | |
| 3 | 1126096 | 211260963 | 自科二线504/501自科库 77排1列5层/ [索取号:TV32/W236] | 在馆 | |
| 4 | 1307148 | 213071487 | 自科库501/501自科库 77排1列5层/ [索取号:TV32/W236] | 在馆 | |
| 5 | 1307149 | 213071496 | 期刊室512/ [索取号:TV32/W236] | 在馆 | |
| 6 | 1307150 | 213071502 | 期刊室512/ [索取号:TV32/W236] | 在馆 | |
| 7 | 1307151 | 213071511 | 期刊室512/ [索取号:TV32/W236] | 在馆 | |
| 8 | 1307152 | 213071520 | 自科库501/501自科库 77排1列5层/ [索取号:TV32/W236] | 在馆 | |
| 9 | 1307153 | 213071539 | 自科库501/501自科库 77排1列5层/ [索取号:TV32/W236] | 在馆 |